Các thể loại báo chí phát thanh (Sách tham khảo nghiệp vụ)

में बचाया:
ग्रंथसूची विवरण
मुख्य लेखक: Xmirnốp, V. V.
स्वरूप: पुस्तक
भाषा:Undetermined
प्रकाशित: Hà Nội Thông tấn 2004
विषय:
टैग : टैग जोड़ें
कोई टैग नहीं, इस रिकॉर्ड को टैग करने वाले पहले व्यक्ति बनें!
Thư viện lưu trữ: Trung tâm Học liệu Trường Đại học Cần Thơ
LEADER 00553nam a2200181Ia 4500
001 CTU_92901
008 210402s9999 xx 000 0 und d
082 |a 070 
082 |b X7 
100 |a Xmirnốp, V. V. 
245 0 |a Các thể loại báo chí phát thanh (Sách tham khảo nghiệp vụ) 
245 0 |c V. V. Xmirnốp; Đào Tấn Anh dịch 
260 |a Hà Nội 
260 |b Thông tấn 
260 |c 2004 
650 |a Journalism 
904 |i Tuyến 
980 |a Trung tâm Học liệu Trường Đại học Cần Thơ